000 01021nam a2200337Ic 4500
001 58082
003 CO-BoRNBP
005 20250815143521.0
007 ta
008 170503s2007 c a g 000 0 s
020 _a9789583001482
040 _aCO-BoRNBP
_bspa
_erda
_cCO-BoRNBP
041 _aspa
082 0 4 _a569.9
_bI43c
100 _aIlin, M.,
_d1895-1953
_eaut
_962393
245 1 0 _aCómo el hombre llegó a ser gigante /
_cIlin, Segal.
250 _a6a. reimpresión
264 1 _aBogotá, Colombia :
_bPanamericana,
_c2007
300 _a227 páginas :
_bilustraciones
336 _atexto
_btxt
_2rdacontent
337 _asin mediación
_bn
_2rdamedia
338 _avolumen
_bnc
_2rdacarrier
490 0 _aEnsayo
650 0 7 _aEvolucion Humana
_2LEMB
_9485
650 0 7 _aHombre prehistórico
_2lemb
_918084
650 0 7 _aHombres Primitivos
_2LEMB
_962394
650 0 7 _aOrigen del ser humano
_2lemb
_9487
650 0 7 _aSociedades primitivas
_2lemb
_962337
700 _aSegal, Ilin
_962395
942 _2ddc
_cBKLIT
999 _c58082
_d58082